[Event "Bohemia South-chT 0405"]
[Site "Czech Republic"]
[Date "2004.??.??"]
[Round "?"]
[White "Kupcik, Zdenek"]
[Black "Brisha, Fadil"]
[Result "1-0"]
[WhiteElo "2050"]
[BlackElo "1975"]
[PlyCount "57"]
[EventDate "2004.10.??"]
[EventType "team"]
[EventRounds "11"]
[EventCountry "CZE"]
[SourceTitle "EXT 2007"]
[Source "ChessBase"]
[SourceDate "2006.11.23"]
[SourceVersion "1"]
[SourceVersionDate "2006.11.23"]
[SourceQuality "1"]

1. e4 c5 2. Nf3 e6 3. d4 cxd4 4. Nxd4 Nf6 5. Nc3 Nc6 6. a3 Qc7 7. Be3 a6 8. Be2 Be7 9. 0-0 0-0 10. Kh1 b5 11. f4 Nxd4 12. Bxd4 Bb7 13. Bf3 d6 14. e5 Bxf3 15. Qxf3 Nd7 16. exd6 Bxd6 17. Ne4 Be7 18. c3 e5 19. fxe5 Nxe5 20. Qg3 f6 21. Rf5 Qc6 22. Re1 Ng6 23. h4 Bd8 24. h5 Ne7 25. Rxf6 Rxf6 26. Nxf6+ Kh8 27. h6 Nf5 28. hxg7+ Nxg7 29. Nh5 1-0